PARASITOS SOCIALES: INTRODUCCION AL ARTE DE VIVIR SIN PRODUCIR EN LA SOCIEDAD MODERNA /

TRADUCCION DE: THE MAN ON YOUR BACK

Na minha lista:
Detalhes bibliográficos
Autor principal: Marrs, Wiatt (autor)
Formato: Livro
Assuntos:
Tags: Adicionar Tag
Sem tags, seja o primeiro a adicionar uma tag!

MARC

LEADER 00000nam^a2200000^a^4500
001 000231873
005 20250521000000.0
009 20260310104536.807
035 |a 054843 
037 |a Acervo Xavier Clavigero 
082 |a 361. 1  |b MAR 
100 |a Marrs, Wiatt  |e (autor) 
245 1 0 |a PARASITOS SOCIALES:  |b INTRODUCCION AL ARTE DE VIVIR SIN PRODUCIR EN LA SOCIEDAD MODERNA /  |c WIATT MARRS; TR. JUAN GARCIA-PUENTE 
264 |a Madrid, España :  |b Aguilar,  |c 1960 
300 |a 329p. 
336 |a texto  |b txt  |2 rdacontenido 
337 |a sin mediación  |b n  |2 rdamedio 
338 |a volumen  |b nc  |2 rdasoporte 
520 |a TRADUCCION DE: THE MAN ON YOUR BACK 
649 |a XX 
650 |a PARASITISMO (CIENCIAS SOCIALES). 
650 |a PROBLEMAS SOCIALES. 
910 |a Fondo General 
920 |a Impresos - Libros 
930 |a Colección General 
905 |a 101 
901 |a 054843  |b IT1  |c ACC  |i 054843  |u 20250521 
902 |a https://opac.biblio.iteso.mx/vufind/Record/000231873